| 000 | 00992nam a22002417a 4500 | ||
|---|---|---|---|
| 999 |
_c18360 _d18360 |
||
| 003 | AR-CdUCM | ||
| 008 | 190509b ||||| |||| 00| 0 spa d | ||
| 040 |
_aMUNICIPALIDAD PROVINCIAL DEL CUSCO _cBIBLIOTECA MUNICIPAL DEL CUSCO |
||
| 082 |
_a114.1 / _bP66 _22ed. |
||
| 100 |
_aPlaton. _917519 |
||
| 245 | _aApología de Sócrates / | ||
| 260 |
_aBuenos Aires : _bEudeba, _c1973. |
||
| 300 |
_a191 páginas ; _c20 cm. |
||
| 440 |
_aColección Los Fundamentales _938890 |
||
| 505 | _aContenido : El problema de la diversidad de apología de Sócrates -- El texto de la acusación presentada por Meleto y los cargos de Policrates -- El marco jurídico de la acusación de Meleto -- Cronología e historicidad de los escritos socráticos ... | ||
| 650 |
_aSocrates. _99985 |
||
| 650 |
_aApología de Platon _938891 |
||
| 650 |
_aApologia de Criton _938892 |
||
| 650 |
_aSiglo XX. _98 |
||
| 700 |
_aEggers Lan, Conrado (Traducción) _938893 |
||
| 942 |
_2ddc _cLIBROS |
||
| 945 |
_awns _d2019-05-13 |
||